Songs from the First Line(s) - 1967 - Statistics

General Stats
  • This quiz has been taken 84 times
  • The average score is 15 of 30
Answer Stats
Hint Answer % Correct
Songs Love, love, love / Love, love, love / Love, love, love / There's nothing you can do that can't be done Artist(s) The Beatles
96%
Songs In Penny Lane there is a barber showing photographs / Of every head he's had the pleasure to have known Artist(s) The Beatles
96%
Songs In Penny Lane there is a barber showing photographs / Of every head he's had the pleasure to have known Song Penny Lane
94%
Songs Listen, baby / Ain't no mountain high / Ain't no valley low / Ain't no river wide enough, baby / If you need me, call me No matter where you are Song Ain't No Mountain High Enough
83%
Songs Love, love, love / Love, love, love / Love, love, love / There's nothing you can do that can't be done Song All You Need Is Love
65%
Songs Listen, baby / Ain't no mountain high / Ain't no valley low / Ain't no river wide enough, baby / If you need me, call me No matter where you are Artist(s) Marvin Gaye / Tammi Terrell
63%
Songs You're just too good to be true / Can't take my eyes off you / You'd be like heaven to touch / I wanna hold you so much / At long last love has arrived Song Can't Take My Eyes Off You
62%
Songs Gimme a ticket for an aeroplane / Ain't got time to take a fast train / Lonely days are gone, I'm-a goin' home Song The Letter
61%
Songs Hey, where did we go / Days when the rains came? / Down in the hollow / Playing a new game Song Brown Eyed Girl
58%
Songs You're just too good to be true / Can't take my eyes off you / You'd be like heaven to touch / I wanna hold you so much / At long last love has arrived Artist(s) Frankie Valli
58%
Songs Hey, where did we go / Days when the rains came? / Down in the hollow / Playing a new game Artist(s) Van Morrison
58%
Songs We skipped the light fandango / Turned cartwheels 'cross the floor / I was feeling kind of seasick Song A Whiter Shade Of Pale
52%
Songs I know I stand in line until you think you have the time / To spend an evening with me / And if we go someplace to dance, I know that there's a chance Artist(s) Frank Sinatra / Nancy Sinatra
52%
Songs "Children, behave" / That's what they say when we're together / "And watch how you play" / They don't understand Song I Think We're Alone Now
52%
Songs We skipped the light fandango / Turned cartwheels 'cross the floor / I was feeling kind of seasick Artist(s) Procol Harum
48%
Songs Please release me, let me go / For I don't love you anymore / To waste our lives would be a sin Song Release Me
46%
Songs Gimme a ticket for an aeroplane / Ain't got time to take a fast train / Lonely days are gone, I'm-a goin' home Artist(s) The Box Tops
46%
Songs I know I stand in line until you think you have the time / To spend an evening with me / And if we go someplace to dance, I know that there's a chance Song Somethin' Stupid
45%
Songs Please release me, let me go / For I don't love you anymore / To waste our lives would be a sin Artist(s) Engelbert Humperdinck
41%
Songs I wondered should I go or should I stay / The band had only one more song to play / And then I saw you out the corner of my eyes Artist(s) Engelbert Humperdinck
41%
Songs She would never say where she came from / Yesterday don't matter if it's gone / While the sun is bright Artist(s) The Rolling Stones
39%
Songs She would never say where she came from / Yesterday don't matter if it's gone / While the sun is bright Song Ruby Tuesday
34%
Songs "Children, behave" / That's what they say when we're together / "And watch how you play" / They don't understand Artist(s) Tommy James And The Shondells
34%
Songs Those schoolgirl days / Of telling tales and biting nails are gone / But in my mind / I know they will still live on and on Artist(s) Lulu
30%
Songs Those schoolgirl days / Of telling tales and biting nails are gone / But in my mind / I know they will still live on and on Song To Sir With Love
30%
Songs It was the third of June, another sleepy, dusty Delta day / I was out choppin' cotton and my brother was balin' hay Song Ode To Billie Joe
21%
Songs I wonder if one day that, you'll say that, you care / If you say you love me madly, I'll gladly / Be there Song Puppet on a String
21%
Songs I wonder if one day that, you'll say that, you care / If you say you love me madly, I'll gladly / Be there Artist(s) Sandie Shaw
21%
Songs I wondered should I go or should I stay / The band had only one more song to play / And then I saw you out the corner of my eyes Song The Last Waltz
21%
Songs It was the third of June, another sleepy, dusty Delta day / I was out choppin' cotton and my brother was balin' hay Artist(s) Bobbie Gentry
18%
No matching quizzes found
Score Distribution
Percent of People with Each Score
Percentile by Number Answered
Your Score History
You have not taken this quiz